书目信息 |
| 题名: |
北京奥运会大学生读本
|
|
| 作者: | 金元浦 主编 ;北京市教委 编撰 | |
| 分册: | ||
| 出版信息: | 北京 北京师范大学出版社 2006 |
|
| 页数: | 214页 | |
| 开本: | 23cm | |
| 丛书名: | ||
| 单 册: | ||
| 中图分类: | G811.211 | |
| 科图分类: | ||
| 主题词: | 夏季奥运会--2008--高等学校--教材 , 夏季奥运会 | |
| 电子资源: | ||
| ISBN: | 7-303-08223-9 | |
| 000 | 00970nam0 2200265 450 | |
| 001 | 1237943546 | |
| 005 | 20121016103250.84 | |
| 010 | @a7-303-08223-9@dCNY22.00 | |
| 100 | @a20070328d2006 em y0chiy50 ea | |
| 101 | 0 | @achi |
| 102 | @aCN@b110000 | |
| 105 | @aa z 000yy | |
| 200 | 1 | @a北京奥运会大学生读本@Abei jing ao yun hui da xue sheng du ben@f北京市教育委员会编撰 |
| 210 | @a北京@c北京师范大学出版社@d2006 | |
| 215 | @a214页@c图,照片@d23cm | |
| 300 | @a北京奥运会通用培训系列教材 | |
| 304 | @a主编:金元浦;第29届奥林匹克运动会组织委员会组织编写 | |
| 330 | @a本书介绍了奥林匹克运动的历史与体系、中国奥林匹克运动发展历程、新北京新奥运、中国文化与奥林匹克运动、奥林匹克运动与大学生等。 | |
| 606 | 0 | @a夏季奥运会@z2008@x高等学校@j教材 |
| 606 | 0 | @a夏季奥运会 |
| 690 | @aG811.211@v4 | |
| 701 | 0 | @a金元浦@Ajin yuan pu@f(1951~)@4主编 |
| 712 | 02 | @a北京市教委@Abei jing shi jiao wei@4编撰 |
| 801 | 0 | @aCN@bNLC@c20101222 |
| 905 | @a10447@dG811.211@eJY315 | |
| 北京奥运会大学生读本/北京市教育委员会编撰.-北京:北京师范大学出版社,2006 |
| 214页:图,照片;23cm |
| 北京奥运会通用培训系列教材 |
| ISBN 7-303-08223-9:CNY22.00 |
| 本书介绍了奥林匹克运动的历史与体系、中国奥林匹克运动发展历程、新北京新奥运、中国文化与奥林匹克运动、奥林匹克运动与大学生等。 |
| ● |
| 相关链接 |
|
|
|
|
正题名:北京奥运会大学生读本
索取号:G811.211/JY315
 
预约/预借
| 序号 | 登录号 | 条形码 | 馆藏地/架位号 | 状态 | 备注 |
| 1 | 7828759 | 278287596 | 学院路分馆/ [索取号:G811.211/JY315] | 在馆 | |
| 2 | 7828760 | 278287603 | 学院路分馆/ [索取号:G811.211/JY315] | 在馆 |